Bunge maalum : Katiba inayopendekezwa Oktoba, 2014

Salvato in:
Dettagli Bibliografici
Autore principale: Tanzania
Natura: Libro
Pubblicazione: Dar es Salaam ; Bunge , c2014.
Soggetti:
Tags: Aggiungi Tag
Nessun Tag, puoi essere il primo ad aggiungerne!!

MARC

LEADER 00000nam a22000007a 4500
005 20260421072945.0
020 |a N/A  |c TZS 10,000/= 
040 |a MCCL  |b eng.  |e AACR 2nd rev. ed. 
082 |a 342.029678 TAN 
100 |a Tanzania 
245 |a Bunge maalum :  |b Katiba inayopendekezwa Oktoba, 2014  |c Jamhuri ya Muungano wa Tanzania 
260 |a Dar es Salaam ;  |b Bunge ,  |c c2014. 
300 |a xxviii, 263 p. :  |b ill. ;  |c 21 cm. 
546 |a eng. 
650 |a Bunge Maalum: Katiba inayopendekezwa Oktoba, 2014 
942 |c BK 
999 |c 12720  |d 12720